000 00636nam a2200241Ia 4500
003 OSt
005 20220918223331.0
006 a|||||r|||| 00| 0
007 ta
008 220917b |||||||| |||| 00| 0 eng d
024 _a221,996
037 _cTextual
040 _aARTS
_cARTS
_beng
041 _2eng
_aeng
082 _aY15:(W), N7
100 _aLaw Cheryl
_9145531
245 0 _aSuffrage and power
_b The women's movement, 1918-1928
260 _aLondon
_bI.B.Tauris
_c1997
300 _aix, 260p
_ccm.
650 _aSOCIOLOGY
942 _hY15:(W), N7
_cTEXL
_2CC
999 _c278184
_d278184